00535nam a2200145Ia 4500008004100000245011400041260004500155260000900200300000900209500000800218650001300226856005800239999001900297952007300316170516s9999 xx 000 0 und d aPreparation and evaluation of duloxetine hydrochloride enteric-coated pellets with different enteric polymers bAsian Journal of Pharmaceutical Sciences c2017 a12:3 aMay xPharmacy uhttp://www.sciencedirect.com/science/journal/18180876 c331775d331775 001040aCLbCLd2017-05-16l0r2017-05-16 00:00:00w2017-05-16yFOJ